| 000 | 00577nam a2200181Ia 4500 | ||
|---|---|---|---|
| 008 | 220216s9999 xx 000 0 und d | ||
| 100 | _aThanseem I | ||
| 245 | 0 | _aSequence characterisation of B-1,3-glucanase gene from Hevea brasiliensis through genomic and cDNA cloning | |
| 260 |
_bIndian Journal of Natural Rubber Research _c2003 |
||
| 300 | _a106-114 | ||
| 650 | _aB-1,3-glucanase,cDNA cloning | ||
| 650 | _aGene amplification | ||
| 650 | _aGene expression | ||
| 650 | _aHevea brasiliensis | ||
| 700 | _aThulaseedharan A | ||
| 700 | _aVenkatachalam P | ||
| 942 | _cJS | ||
| 999 |
_c68608 _d68608 |
||